[Event "France Railways-ch"]
[Site "Montdidier"]
[Date "2014.09.01"]
[Round "4"]
[White "Bonnet, Christophe"]
[Black "Ballester, Regis"]
[Result "1/2-1/2"]
[WhiteElo "1622"]
[BlackElo "1830"]
[PlyCount "51"]
[EventDate "2014.09.??"]
[EventType "swiss"]
[EventRounds "5"]
[EventCountry "FRA"]
[SourceTitle "EXT 2015"]
[Source "ChessBase"]
[SourceDate "2014.11.20"]
[SourceVersion "1"]
[SourceVersionDate "2014.11.20"]
[SourceQuality "1"]

1. e4 c5 2. Nc3 Nc6 3. f4 d6 4. Nf3 Nf6 5. Bc4 e6 6. 0-0 Be7 7. d3 a6 8. a4 0-0 9. Qd2 Qc7 10. Nd1 Rd8 11. Bb3 Na5 12. Ne3 Nxb3 13. cxb3 Bd7 14. Qc2 b5 15. e5 dxe5 16. fxe5 Nd5 17. Nxd5 exd5 18. d4 Rdc8 19. Qf2 Be8 20. Be3 c4 21. axb5 axb5 22. bxc4 bxc4 23. Qc2 Qb7 24. Ng5 Bxg5 25. Bxg5 Rxa1 26. Rxa1 1/2-1/2